| 000 | 00813nam0a2200289 i 4500 | ||
|---|---|---|---|
| 001 | RU\NLR\BIBL_A\011289131 | ||
| 005 | 20240726224046.0 | ||
| 010 | _a9785448341120 | ||
| 021 |
_aRU _b2016-89632 _95892 |
||
| 035 | _a(NLR Aleph) 011289131 | ||
| 090 |
_a10909284 _c10909284 |
||
| 100 | _a20161206d2016 u y0rusy50 ca | ||
| 101 | 0 | _arus | |
| 102 | _aRU | ||
| 105 | _ay z 000ay | ||
| 200 | 1 |
_aМой дорогой демон _fЭвелин и Элис Дейл |
|
| 210 |
_a[Б.м.] _cИздательские решения _d2016 |
||
| 215 |
_a365, [1] c. _d22 |
||
| 333 | _a18+ | ||
| 686 | 2 | _aШ6(2=Р)8-445 | |
| 700 | 1 |
_aДейл _bЭ. _gЭвелин |
|
| 701 | 1 |
_aДейл _bЭ. _gЭлис |
|
| 942 | _cBOOK | ||
| 980 | _aNBR | ||